<?xml version="1.0" encoding="UTF-8"?><?xml-stylesheet type="text/xsl" href="static/style.xsl"?><OAI-PMH xmlns="http://www.openarchives.org/OAI/2.0/" xmlns:xsi="http://www.w3.org/2001/XMLSchema-instance" xsi:schemaLocation="http://www.openarchives.org/OAI/2.0/ http://www.openarchives.org/OAI/2.0/OAI-PMH.xsd"><responseDate>2026-06-01T10:18:53Z</responseDate><request verb="GetRecord" identifier="oai:riuma.uma.es:10630/7770" metadataPrefix="marc">https://riuma.uma.es/rest/oai/request</request><GetRecord><record><header><identifier>oai:riuma.uma.es:10630/7770</identifier><datestamp>2026-02-03T12:11:20Z</datestamp><setSpec>com_10630_2254</setSpec><setSpec>col_10630_37959</setSpec></header><metadata><record xmlns="http://www.loc.gov/MARC21/slim" xmlns:dcterms="http://purl.org/dc/terms/" xmlns:doc="http://www.lyncode.com/xoai" xmlns:xsi="http://www.w3.org/2001/XMLSchema-instance" xsi:schemaLocation="http://www.loc.gov/MARC21/slim http://www.loc.gov/standards/marcxml/schema/MARC21slim.xsd">
   <leader>00925njm 22002777a 4500</leader>
   <datafield ind2=" " ind1=" " tag="042">
      <subfield code="a">dc</subfield>
   </datafield>
   <datafield ind2=" " ind1=" " tag="720">
      <subfield code="a">Collado-Martín, Daniel</subfield>
      <subfield code="e">author</subfield>
   </datafield>
   <datafield ind2=" " ind1=" " tag="720">
      <subfield code="a">Vida-Pol, Yolanda</subfield>
      <subfield code="e">author</subfield>
   </datafield>
   <datafield ind2=" " ind1=" " tag="720">
      <subfield code="a">Nájera-Albendín, Francisco</subfield>
      <subfield code="e">author</subfield>
   </datafield>
   <datafield ind2=" " ind1=" " tag="720">
      <subfield code="a">Pérez-de-Inestrosa-Villatoro, Ezequiel</subfield>
      <subfield code="e">author</subfield>
   </datafield>
   <datafield ind2=" " ind1=" " tag="260">
      <subfield code="c">2014-07-03</subfield>
   </datafield>
   <datafield ind2=" " ind1=" " tag="520">
      <subfield code="a">BODIPY dyes are nowadays widely commercialized chromophores that have attracted immense interest as versatile tools in biological chemistry [1]. However, the generally very small Stokes shifts of BODIPY dyes may cause re-absorption or effects from excitation-light scattering, which is a potential drawback for their application, especially in bioimaging. One strategy to bypass this problem is the integration of BODIPY dyes as acceptors in bi- or multichromophoric arrays, some of them qualifying as energy transfer cassettes where donor and acceptor units are electronically non-conjugated [2]. In this communication we present a series of aminonaphthalimide–BODIPY energy transfer cassettes that shown very fast and efficient BODIPY fluorescence sensitization [3]. This was observed upon one- and two-photon excitation, which extends the application range of the investigated bichromophoric dyads in terms of accessible excitation wavelengths. In comparison with the direct excitation of the BODIPY chromophore, the two-photon absorption cross-section of the dyads is significantly incremented by the presence of the aminonaphthalimide donor.The applicability of the new probes in the one- and two-photon excitation mode was demonstrated both in solution and supported on silica nanoparticles, in a proof-of-principle approach in the fluorescence imaging of HeLa cells.</subfield>
   </datafield>
   <datafield ind1="8" ind2=" " tag="024">
      <subfield code="a">http://hdl.handle.net/10630/7770</subfield>
   </datafield>
   <datafield tag="653" ind2=" " ind1=" ">
      <subfield code="a">Transferencia de energia</subfield>
   </datafield>
   <datafield tag="653" ind2=" " ind1=" ">
      <subfield code="a">Fotoquímica</subfield>
   </datafield>
   <datafield ind2="0" ind1="0" tag="245">
      <subfield code="a">Energy transfer in Aminonaphthalimide-BODIPY dyads upon one and two photons excitation</subfield>
   </datafield>
</record>
</metadata></record></GetRecord></OAI-PMH>